AH International Schools' Libraries

Effective school leadership : (Record no. 49658)

MARC details
000 -LEADER
fixed length control field 00519aam a22001571a 4500
020 ## - INTERNATIONAL STANDARD BOOK NUMBER
Cancelled/invalid ISBN 185396395X
Qualifying information (pbk.)
020 ## - INTERNATIONAL STANDARD BOOK NUMBER
Cancelled/invalid ISBN 9781853963957
Qualifying information (pbk.)
020 ## - INTERNATIONAL STANDARD BOOK NUMBER
Cancelled/invalid ISBN 9781853964138
245 00 - TITLE STATEMENT
Title Effective school leadership :
Remainder of title responding to change /
Statement of responsibility, etc [edited by] John MacBeath.
260 ## - PUBLICATION, DISTRIBUTION, ETC. (IMPRINT)
Place of publication, distribution, etc London :
Name of publisher, distributor, etc Paul Chapman Pub.,
Date of publication, distribution, etc 1998.
300 ## - PHYSICAL DESCRIPTION
Extent 176 p.
Dimensions 23 cm.
504 ## - BIBLIOGRAPHY, ETC. NOTE
Bibliography, etc Includes bibliographical references and indexes.
650 #0 - SUBJECT ADDED ENTRY--TOPICAL TERM
Topical term or geographic name as entry element Educational leadership.
9 (RLIN) 86683
700 1# - ADDED ENTRY--PERSONAL NAME
Personal name MacBeath, John E. C.
9 (RLIN) 86785
942 ## - ADDED ENTRY ELEMENTS (KOHA)
Source of classification or shelving scheme
Koha item type Teacher's Resources
Holdings
Withdrawn status Lost status Source of classification or shelving scheme Damaged status Not for loan Collection code Home library Current library Shelving location Date acquired Full call number Barcode Date last seen Price effective from Koha item type
          TEACHERS' RESOURCES Asian Hope Secondary Library Asian Hope Secondary Library SECONDARY 10/15/2025 371.2 MAC 208314 10/15/2025 10/15/2025 Teacher's Resources

For any Logos Library related questions please contact Miss Art at swongnarasuk@asianhope.org.

For any Asian Hope Library related questions please contact Miss Raza at graza@asianhope.org.

Click here to explore our ebooks!

Powered by Koha